000 01192nam a2200241 a 4500
001 000068828
003 AM-YEHGA
005 20250617121650.0
008 950417s1990 ru |||||||||||||||||rus d
040 _aAM-YeHGA
041 0 _arus
100 1 _aВялков, Владлен Николаевич
245 1 0 _aВибросейсморазведка в условиях Крайнего Севера /
_cВ.Н. Вялков; АН СССР, Сиб. отд-ние, Якут. ин-т геол. наук, Трест "Якутскгеофизика".
260 _aЯкутск :
_bИзд-во ЯНЦ СО АН СССР,
_c1990.
300 _a74,[2] с.
_bил. ;
_c20 см.
504 _aБиблиогр.: с. 73-75 (44 назв.)
650 1 4 _aГазовые месторождения
_xПоиски и разведка
_zКрайний Север СССР
650 1 4 _aНефтяные месторождения
_xПоиски и разведка
_zКрайний Север СССР
650 1 4 _aСейсмическая разведка
710 2 _aЯкутский институт геологических наук СО АН СССР
942 _2udc
_cBK
090 _c20929
999 _c20713
_d20713